<?xml version="1.0" encoding="UTF-8"?>
<collection xmlns="http://www.loc.gov/MARC21/slim">
 <record>
  <leader>01285nam a22002537a 4500</leader>
  <controlfield tag="001">37556</controlfield>
  <controlfield tag="003">BD-DhAAL</controlfield>
  <controlfield tag="005">20250622113537.0</controlfield>
  <controlfield tag="008">211111t2017    bg ||||| |||| 00| 0 ben d</controlfield>
  <datafield tag="020" ind1=" " ind2=" ">
   <subfield code="a">984839103218</subfield>
  </datafield>
  <datafield tag="040" ind1=" " ind2=" ">
   <subfield code="a">BD-DhAAL</subfield>
   <subfield code="d">BD-DhAAL</subfield>
  </datafield>
  <datafield tag="041" ind1=" " ind2=" ">
   <subfield code="a">ben</subfield>
  </datafield>
  <datafield tag="082" ind1=" " ind2=" ">
   <subfield code="a">954.14</subfield>
  </datafield>
  <datafield tag="100" ind1=" " ind2=" ">
   <subfield code="a">করিম, আবদুল.</subfield>
   <subfield code="9">42589</subfield>
  </datafield>
  <datafield tag="245" ind1=" " ind2=" ">
   <subfield code="a">বাংলার ইতিহাস :</subfield>
   <subfield code="b">মোগল আমল,</subfield>
   <subfield code="n">দ্বিতীয় খন্ড /</subfield>
   <subfield code="c">আবদুল করিম.</subfield>
  </datafield>
  <datafield tag="246" ind1=" " ind2=" ">
   <subfield code="a">History of Bangla :</subfield>
   <subfield code="b">mughal period, volume 2</subfield>
  </datafield>
  <datafield tag="260" ind1=" " ind2=" ">
   <subfield code="a">ঢাকা :</subfield>
   <subfield code="b">জাতীয় সাহিত্য প্রকাশনী,</subfield>
   <subfield code="c">২০১৭.</subfield>
  </datafield>
  <datafield tag="300" ind1=" " ind2=" ">
   <subfield code="a">৫০১ পৃষ্ঠা ;</subfield>
   <subfield code="c">২২ সে.মি.</subfield>
  </datafield>
  <datafield tag="526" ind1=" " ind2=" ">
   <subfield code="a">Research p[project title &quot; Shalish : A traditional dispute settlement mechanism within the formal legal framework&quot; (SOL)
project duration January to June 2021</subfield>
  </datafield>
  <datafield tag="541" ind1=" " ind2=" ">
   <subfield code="a">Complimentary copy from &quot;Shalish&quot; (SOL)</subfield>
   <subfield code="e">37556</subfield>
  </datafield>
  <datafield tag="650" ind1=" " ind2=" ">
   <subfield code="a">Bengal (India)</subfield>
   <subfield code="x">History.</subfield>
   <subfield code="9">42590</subfield>
  </datafield>
  <datafield tag="942" ind1=" " ind2=" ">
   <subfield code="2">ddc</subfield>
   <subfield code="c">BK</subfield>
  </datafield>
  <datafield tag="999" ind1=" " ind2=" ">
   <subfield code="c">43321</subfield>
   <subfield code="d">43321</subfield>
  </datafield>
  <datafield tag="952" ind1=" " ind2=" ">
   <subfield code="0">0</subfield>
   <subfield code="1">0</subfield>
   <subfield code="2">ddc</subfield>
   <subfield code="4">0</subfield>
   <subfield code="6">954_140000000000000_KAR</subfield>
   <subfield code="7">0</subfield>
   <subfield code="9">69490</subfield>
   <subfield code="a">BRACUL</subfield>
   <subfield code="b">BRACUL</subfield>
   <subfield code="c">GEN</subfield>
   <subfield code="d">2021-11-11</subfield>
   <subfield code="e">Complimentary copy from &quot;Shalish&quot; (SOL)</subfield>
   <subfield code="g">400.00</subfield>
   <subfield code="l">4</subfield>
   <subfield code="m">73</subfield>
   <subfield code="o">954.14 KAR</subfield>
   <subfield code="p">3010037556</subfield>
   <subfield code="q">2026-05-21</subfield>
   <subfield code="r">2025-09-30</subfield>
   <subfield code="s">2025-09-30</subfield>
   <subfield code="t">1</subfield>
   <subfield code="v">400.00</subfield>
   <subfield code="w">2021-11-11</subfield>
   <subfield code="y">BK</subfield>
  </datafield>
 </record>
</collection>
